Normal view
MARC view
Entry Personal Name
001 - CONTROL NUMBER
- control field: 28116
003 - CONTROL NUMBER IDENTIFIER
- control field: OSt
005 - DATE AND TIME OF LATEST TRANSACTION
- control field: 20240708100408.0
008 - FIXED-LENGTH DATA ELEMENTS
- fixed length control field: 240708|| aca||aabn | a|a d
040 ## - CATALOGING SOURCE
- Original cataloging agency: OSt
- Transcribing agency: OSt
100 ## - HEADING--PERSONAL NAME
- Personal name: Bell, Anthea
- Relator term: translator
670 ## - SOURCE DATA FOUND
- Source citation: Work cat.: (OSt)13909: Funke, Cornelia. 28110, Inkdeath /, 2008.